Teorija obróbki metalo skrawaniem /
Gespeichert in:
| 1. Verfasser: | |
|---|---|
| Format: | Buch |
| Sprache: | Polnisch |
| Veröffentlicht: |
Warszawa :
Państwowe Wydawnictwo Naukowe,
1956
|
| Schlagworte: | |
| Tags: |
Keine Tags, Fügen Sie das erste Tag hinzu!
|
MARC
| LEADER | 00000nam a22000003a 4500 | ||
|---|---|---|---|
| 001 | stu34764 | ||
| 005 | 20150617225729.6 | ||
| 008 | 920325s1956----pl------------------pol-d | ||
| 040 | |a STU |b slo | ||
| 041 | 0 | |a pol | |
| 044 | |a pl | ||
| 080 | |a 621.9 |7 stu_us_auth*stu8061 | ||
| 100 | 1 | |a Biernawski, Witold |4 aut | |
| 245 | 1 | |a Teorija obróbki metalo skrawaniem / |c [aut.]Witold Biernawski | |
| 260 | |a Warszawa : |b Państwowe Wydawnictwo Naukowe, |c 1956 | ||
| 300 | |a 455 s | ||
| 650 | 7 | |a obrábanie |2 stusub | |
| 996 | |b 284M023354 |c M*3634-1 |l MMKN |s A |a 24 |w stu34764_0001 | ||